| 000 | 01341cam a22003497a 4500 | ||
|---|---|---|---|
| 003 | CHAP | ||
| 005 | 20220329142052.0 | ||
| 008 | 990521d1998 mx b r 00110 spa d | ||
| 010 | _a77923 | ||
| 011 | _a78895 | ||
| 035 | _a88997 | ||
| 040 | _cCHAP | ||
| 090 | _aTesis | ||
| 100 | 0 | 0 |
_aVázquez Delgado, Francisco. _9120339 |
| 245 | 1 | 3 |
_aLa cartografía, su descripción, uso y metodología de actualización en los eventos censales del Instituto Nacional de Estadística, Geografía e Informática en el periodo 1990-1996 _c/ por Francisco Vázquez Delgado |
| 260 |
_aMarín, N. L. : _bEl autor, _c1998. |
||
| 300 |
_a106 h. . : _bmapas |
||
| 502 | _aTesis (Ing. Agr. Fitotecnista) -- Universidad Autónoma de Nuevo León. Facultad de Agronomía | ||
| 590 |
_aALEPH _b10 _c20130110 _lUCH01 _h1429 |
||
| 590 |
_aBATCH-UPD _b10 _c20130110 _lUCH01 _h0657 |
||
| 590 |
_aBATCH-UPD _b10 _c20130410 _lUCH01 _h0342 |
||
| 590 |
_aBATCH-UPD _b10 _c20130914 _lUCH01 _h0854 |
||
| 590 |
_aCONVERSION _b10 _c20130109 _lUCH01 _h1343 |
||
| 650 | 1 | 4 |
_aCartografía. _919644 |
| 650 | 1 | 4 |
_aCensos. _920990 |
| 650 | 1 | 4 |
_aInstituto Nacional de Estadística, Geografía e Informática. México _959305 |
| 650 | 1 | 4 |
_aMéxico _xMapas. _976780 |
| 901 | _aBK | ||
| 905 | _aBlanca M. García O. | ||
| 942 | _cTESIS | ||
| 949 |
_bBC _cTES _d889971 _eTS1 _h33982 _i88997 _sb |
||
| 999 |
_c77923 _d77923 |
||